| 000 | 00623nam a22002057a 4500 | ||
|---|---|---|---|
| 003 | OSt | ||
| 008 | 251126b |||||||| |||| 00| 0 eng d | ||
| 082 |
_a633.61 _bR95S |
||
| 100 | _aRoy, Nand Kishore. | ||
| 245 | _aStudies on the Suitability of Some Newer Insecticides as Soil Treatments for the Simultaneous Control of Termites and Shoot Borer (Chilo infuscatellus Snell.) in Sugarcane | ||
| 260 |
_aDholi _bTCA _c1978 |
||
| 300 | _a52p. | ||
| 650 | _aZoology and Entomology | ||
| 650 | _aSugarcane | ||
| 650 | _aInsecticides | ||
| 650 | _aShoot Borer | ||
| 650 | _aThesis | ||
| 650 | _aM. Sc. | ||
| 942 |
_2ddc _cBK |
||
| 999 |
_c49235 _d49235 |
||